[Event "Olomouc Skanska Cup"]
[Site "Olomouc"]
[Date "2004.08.11"]
[Round "8"]
[White "Jirka, Jiri"]
[Black "Laznicka, Viktor"]
[Result "0-1"]
[WhiteElo "2406"]
[BlackElo "2434"]
[Annotator "Ribli,Z"]
[PlyCount "100"]
[EventDate "2004.08.04"]
[EventType "tourn"]
[EventRounds "11"]
[EventCountry "CZE"]
[EventCategory "9"]
[SourceTitle "CBM 103"]
[Source "ChessBase"]
[SourceDate "2004.11.11"]
[SourceVersion "1"]
[SourceVersionDate "2004.11.11"]
[SourceQuality "1"]

1. d4 Nf6 2. c4 e6 3. g3 d5 4. Nf3 dxc4 5. Bg2 Nc6 6. O-O {Weiss spielt
gewöhnlich die Alternative 6.Qa4!?, wonach er den c4-Bauern zurückgewinnen
kann. Mit dem Textzug strebt Weiss eine schnelle Figurenentwicklung an, aber
Schwarz bekommt somit Zeit, seinen c4-Bauern zu verteidigen.} (6. Qa4 $5) 6...
Rb8 {Das ist die direkte Fortsetzung.} ({Schwarz kann aber auch} 6... a6 {
ziehen.}) 7. Nc3 b5 {Mit diesem Zug möchte Schwarz einfach das Tempo a7-a6
sparen. Andererseits bekommt Weiss im folgenden aktives Spiel, weswegen die
sichere Alternative 7...a6 in Frage kommt.} (7... a6) 8. Ne5 Nxe5 {Nach 8...
Nxd4?? kommt 9.e3 mit Gewinn.} 9. dxe5 Nd7 10. Qd4 {Weiss bringt die Dame ins
Spiel, aber die Alternative 10.Bf4 kommt stark in Betracht.} (10. Bf4 Bb7 11.
Bxb7 Rxb7 12. Qc2 (12. a4 c6 13. Qc2 Be7 14. Rfd1 O-O 15. Ne4 {1/2-1/2
Gleizerov,E-Olafsson,H/Osterskars 1995/EXT 97 (15)}) 12... Be7 13. Rfd1 Qc8 14.
Qe4 c6 15. Qf3 O-O 16. Ne4 f5 17. exf6 Nxf6 18. Nd6 Bxd6 19. Bxd6 Rd8 20. e4
Rbd7 21. e5 Nd5 22. Qg4 Rf7 23. Bc5 a6 {1-0 Gleizerov,E-Rustemov,A/Bydgoszcz
2000/CBM 76 ext (42) Ribli:}) 10... c5 11. Qf4 (11. Qg4 b4 12. Ne4 Nxe5 13. Qh5
Ng6 14. Nxc5 Qc7 15. Be3 Be7 16. Rac1 O-O 17. Rxc4 Qa5 18. a3 bxa3 19. bxa3 Rb5
{0-1 Karner,C-Zelcic,R/Jenbach AUT 2004/(62)}) 11... Qc7 {Schwarz greift den
e5-Bauern an, aber der ruhige Entwicklungszug 11...Be7!? wäre konsequenter.} (
11... Bb7 12. Ne4 Qc7 13. a4 $1 $36 a6 14. axb5 axb5 15. Ng5 Nb6 $6 (15... Nxe5
16. Bxb7 Rxb7 17. Ra8+ Ke7 18. Be3 $44) 16. Ra7 $16 Nd5 17. Bxd5 exd5 18. e6 $1
{1-0 Romero Holmes,A-Werle,J/Groningen 2002/CBM 93/[Ribli] (25)}) (11... Be7 $5
) 12. a4 (12. Rd1 Rb6 13. a4 b4 14. Nb5 Qb8 15. Nd6+ Bxd6 16. exd6 O-O 17. a5
Ra6 18. Qxc4 Rxd6 19. Bf4 e5 20. Bg5 $44 {1-0 Prakken,G-Ippolito,D/Ubeda 2000/
CBM 75 (29) Ribli:}) 12... a6 13. axb5 axb5 14. Rd1 Be7 (14... Nxe5 15. Bc6+
Qxc6 16. Qxe5 Rb7 17. Bg5 f5 18. Rd8+ Kf7 19. Ra8 Bd7 20. Bh6 gxh6 21. Qxh8 Bg7
22. Qxh7 {1-0 Antic,D-Savicevic,V/Leposavic 2003/EXT 2004 (22)}) 15. Qg4 $44 {
Weiss hat einen Bauern weniger, aber sein aktives Figurenspiel gibt ihm dafür
Kompensation.} Kf8 (15... g6 16. Bh6 {[%csl Gh6]} b4 (16... Nxe5 $2 17. Qf4 $16
{[%cal Rh6g7,Rg7e5,Rg7h8]}) 17. Ne4 Qxe5 18. Nd2 $5 (18. Bf4 Qxb2 19. Bxb8 Nxb8
20. Qf4 Nd7 21. Ra8 O-O 22. Rxc8 Rxc8 23. Rxd7 $13) 18... Qxb2 19. Nxc4 $44)
16. f4 g6 (16... h5 17. Qf3 b4 18. Ne4 Bb7 $13) 17. Qf3 {[%cal Gg2a8] Die
Diagonale h1-a8 ist unter weisser Kontolle und er hat Raumvorteil im Zentrum.}
b4 (17... Bb7 $2 18. Ra7 $18 {[%csl Rb7][%cal Ra7d7]}) 18. Ne4 Kg7 (18... Bb7
19. Ra7 Qb6 20. Rxb7 Qxb7 21. Nf6 Nxf6 22. Qxb7 Rxb7 23. Bxb7 (23. exf6 Ra7 24.
fxe7+ Kxe7 $13) 23... Ne8 (23... Nd5 24. Bxd5 exd5 25. Rxd5 f5 26. exf6 Bxf6
27. Kf1 c3 28. bxc3 Bxc3 29. Rxc5 $14) 24. Ba6 c3 25. bxc3 bxc3 26. Bc4 $14)
19. Nd6 {[%csl Gd6][%cal Gd6c4] Der Springer steht stark auf d6 und droht 20.
Nxc4.} Rd8 $1 {[%mdl 256] Schwarz verteidigt sich gut, der Turm kommt ins
Spiel und jetzt kann Weiss nicht 20.Nxc4? spielen.} (19... Bxd6 20. exd6 Qb6
21. e4 $44) 20. Be3 (20. Nxc4 $2 Nxe5 $19 {[%cal Re5f3,Rd8d1]}) (20. e4 Nb6 21.
Nxc8 Rxd1+ 22. Qxd1 Rxc8 23. Be3 $44) 20... Bxd6 21. exd6 Qb6 {[%cal Gc8b7,
Gb7g2]} 22. Qe4 $6 {[%cal Ge4c4]} (22. Qc6 Qxc6 23. Bxc6 Bb7 24. Bxd7 Rxd7 25.
Bxc5 Bd5 $11) 22... c3 23. bxc3 Bb7 (23... bxc3 $2 24. Qd3 $16 {[%cal Rd3c3,
Rc3g7]}) 24. Qc4 Bxg2 25. Kxg2 b3 $1 $15 {[%csl Gb3,Gd7] Die Stellung ist
materiell gleich, aber der gut gesicherte b3P ist sehr stark und der d7N
blockiert den d6-Bauern ausgezeichnet.} 26. Rab1 Qb5 $1 {Auf diese Weise kann
Schwarz die Damen tauschen, wonach er das bessere Endspiel bekommt.} 27. Qxb5
Rxb5 28. c4 Rb6 29. Rd3 Rdb8 30. Kf1 (30. Bd2 $142 $5 $11 {[%cal Ge2e4,Ge4e5,
Gd2a5]}) 30... f6 31. g4 Kf7 32. Ke1 {Beide Spieler möchte ihre Könige in die
Nähe des gegnerischen Freibauern bringen.} f5 33. g5 e5 {[%cal Gf7e6]} 34. Rd5
(34. fxe5 Nxe5 $17) 34... exf4 (34... Rb4 35. Bxc5 Rxc4 36. Ba3 Rxf4 37. Rd3
Rg4 38. Rdxb3 Rxb3 39. Rxb3 Rxg5 $17) 35. Bxc5 (35. Bxf4 Rb4 $17) 35... Nxc5
36. Rxc5 Ke6 $17 (36... Rxd6 $6 37. Rb5 Rc8 38. Rb7+ Ke6 39. R1xb3 Rxc4 40.
Rxh7 $11) 37. Kd2 Kxd6 {[%mdl 4096] Schwarz hat schon einen Bauern mehr und
was auch sehr wichtig ist, seine Figuren stehen aktiv.} 38. Rd5+ Kc6 39. Rb2
Re8 {[%cal Ge8e3]} 40. Rd3 Re3 41. Rd4 (41. Rxe3 fxe3+ 42. Kxe3 Kc5 43. Kd3 Kb4
$19 {[%csl Rb2,Gb3,Gb4]}) 41... Re4 (41... Kc5 42. Rxf4 Rh3 $17 {Dieselbe
Stellung erreichen wir nach Zugumstellung - siehe die Stellung nach dem 44.
schwarzen Zug.}) 42. Kc3 Re3+ 43. Kd2 Kc5 44. Rxf4 Rh3 {[%csl Rb2,Gb3,Gc5,Rd2,
Rh2,Gh3] Das Material ist gleich, aber der Unterschied der Figurenstellung
zwischen Weiss und Schwarz ist offensichtlich, Schwarz steht viel aktiver und
sein b3-Freibauer fesselt die weissen Figuren, zudem hängt auch noch der Ph2.}
45. e4 Rxh2+ $19 46. Kc3 Rh3+ 47. Kd2 Rd6+ (47... fxe4 48. Rxe4 Rd6+ 49. Ke1
Rh1+ 50. Ke2 Rh2+ $19) 48. Ke1 Rh1+ 49. Ke2 Rh2+ 50. Rf2 Rxf2+ (50... Rxf2+ 51.
Kxf2 Kxc4 $19) 0-1

[Event "BIH-chT"]
[Site "Neum"]
[Date "2004.06.04"]
[Round "7.1"]
[White "Ilincic, Zlatko"]
[Black "Cvitan, Ognjen"]
[Result "1-0"]
[WhiteElo "2538"]
[BlackElo "2524"]
[Annotator "Ribli,Z"]
[PlyCount "93"]
[EventDate "2004.05.29"]
[EventType "team"]
[EventRounds "9"]
[EventCountry "BIH"]
[SourceTitle "CBM 102"]
[Source "ChessBase"]
[SourceDate "2004.09.23"]
[SourceVersion "1"]
[SourceVersionDate "2004.09.23"]
[SourceQuality "1"]
[WhiteTeam "Banja Luka"]
[BlackTeam "Sarajevo Napredak"]
[WhiteTeamCountry "BIH"]
[BlackTeamCountry "BIH"]

1. d4 Nf6 2. c4 e6 3. Nf3 d5 4. g3 dxc4 5. Bg2 a6 6. O-O Nc6 7. e3 Bd7 8. Qe2 {
Dieser Damezug wird nicht so häufig gespielt, die Alternative ist 8.Nc3,
wonach Schwarz gewöhnlich 8...d5 spielt. Mit dem Damezug provoziert Weiß den
Zug 8...b5, wonach der schwarze Damenflügel geschwächt wird.} b5 9. e4 {
Weiß beginnt die Aktivität sofort im Zentrum. Der Bauernzug verhindert die
Tauschmöglichkeit Nd5, was z.B. nach 9.Rd1 Be7 10.Nc3 Nd5 möglich wäre.} (9.
Rd1 Be7 (9... Bd6 $5) 10. e4 (10. b3 cxb3 11. axb3 O-O 12. Nc3 b4 13. Ne5 Nxe5
14. dxe5 Ra7 15. exf6 Bxf6 16. Qd3 Bxc3 17. Ra2 c5 18. Bc6 Qb6 19. Bxd7 Rd8 {
0-1 Ginting,N-Korneev,O/Jakarta 1997/EXT 2000 (24)}) 10... O-O 11. Nc3 h6 12.
h3 Re8 13. Bf4 Qc8 14. g4 Nb4 15. g5 hxg5 16. Nxg5 Nd3 17. Be3 g6 18. e5 Nh5
19. Qg4 {1-0 Cvitan,O-Papa,S/Biel 2003/CBM 95 ext (28)}) (9. a4 Rb8 10. axb5
axb5 11. b3 cxb3 12. Nbd2 Bb4 (12... Bd6 13. Bb2 O-O 14. Nxb3 Qe7 15. Ne5 Bxe5
16. dxe5 Nd5 17. Rfc1 Ra8 18. Nc5 Rxa1 19. Bxa1 Na5 20. Bd4 Bc6 21. h4 $44 {
1-0 Georgiev,K-Leko,P/Dubai 2002/CBM 89 (45)}) 13. Nxb3 O-O 14. Bb2 Ne4 15. Ne1
Nc3 16. Qc2 Na4 17. Nd3 Nxb2 18. Qxb2 Bd6 19. Rfc1 Rb6 20. h4 $44 {1-0
Georgiev,K-Ponomariov,R/Bled 2002/EXT 2003 (61)}) (9. b3 cxb3 10. axb3 Be7 11.
Bb2 (11. Rd1 $5) 11... O-O 12. Rc1 Ra7 13. Nbd2 a5 14. Ne5 Nxe5 15. dxe5 Nd5
16. Ne4 a4 {0-1 Schneider Zinner,H-Polak,T/Austria 1999/EXT 2001 (47)}) 9...
Be7 10. b3 {Dieser Zug zeigt, dass Weiß den Bauern nicht zurückgewinnen will,
sondern auf Kompensation spielt.} cxb3 11. axb3 O-O 12. Rd1 Nb4 (12... Bc8 13.
Nc3 Bb7 14. d5 exd5 15. e5 Bb4 16. Na2 Ne4 17. Nxb4 Nxb4 18. Bb2 c5 19. Nh4 Qb6
20. Bxe4 dxe4 21. Rd6 Qc7 22. Nf5 $40 {1-0 Polugaevsky,L-Panchenko,A/Sochi
1981/EXT 99 (39)}) 13. Ne5 $44 {Weiß hat ein starkes Bauernzentrum und aktives
Figurenspiel, was Kompensation für den Bauern gibt. Aber es ist schwer zu
sagen, ob diese Kompensation ausreichend ist.} (13. Nc3 Bc6 $13 (13... c5 14.
dxc5 Bxc5 15. Bg5)) 13... Bc8 {Mit diesem Zug möchte Schwarz seine
Läuferstellung verbessern. Interessant wäre auch die Alternative 13...c5!?.} (
13... c5 $5 14. dxc5 Bxc5 15. Bg5 Ra7 16. Nc3 $44) 14. Nc3 Bb7 15. Ba3 Re8 (
15... Nc6 $5 16. Nxc6 Bxc6 17. d5 exd5 18. exd5 Bxa3 19. dxc6 Bd6 $13) 16. Rac1
Qb8 $2 {Dieser Damenzug gefällt mir nicht, denn die Dame befindet sich weit
weg vom Hauptkriegschauplatz.} (16... Nd3 $1 {[%cal Gd3c1,Gc1e2,Ge7a3]} 17.
Nxd3 (17. Bxe7 $4 Nxc1 $19) (17. Rxd3 Bxa3 $15) 17... Bxa3 18. Nc5 Bc6 $5 $15 (
18... Bxc1 19. Nxb7 Qc8 20. e5 Nd5 21. Nxd5 exd5 22. Bxd5 $44) (18... Bxc5 19.
dxc5 Qe7 20. e5 Nd5 21. Nxd5 Bxd5 22. Bxd5 exd5 23. Rxd5 $11)) 17. g4 $1 $40 {
[%cal Gg4g5] Weiß hat Angriffschancen am Königsflügel, während es nicht leicht
für Schwarz ist, einen aktiven Spielplan zu finden.} Rd8 (17... Nd3 $5) 18. Qf3
{[%csl Ge5,Gf3,Yf7][%cal Ge5f7,Gf3f7,Rg4g5,Rg5f6] Die weiße Drohung ist
einfach - 19.g5 und danach hängt der f7-Bauer.} h6 19. h4 c5 $5 {In der
schweren Stellung möchte Schwarz im Trüben fischen.} (19... Bd6 $2 20. g5 $18)
20. g5 cxd4 21. gxf6 Bxf6 22. Bxb4 Qxe5 (22... Bxe5 23. Ne2 $14) 23. Ne2 $14 {
[%mdl 1024] Nach forcierten Zügen haben wir eine Stellung, in der Schwarz drei
Bauern für die Figur hat. Die weiße Figurenkoordination ist gut, während
Schwarz früher oder später seinen d4-Bauern verliert.} Rac8 $6 {Dieser
schablonenhafte Zug gefällt mir nicht - es wäre besser mit 23...Bxh4!?
fortsetzen.} (23... Bxh4 $5 24. Rc5 (24. Ba5 Rd7 25. Bb6 $14 {[%cal Gb6d4]})
24... Qf6 25. Rc7 $14) 24. Ba5 Re8 25. h5 {[%csl Gh5] Der vorher schwache
weiße h-Bauer gewinnt Raum am Königsflügel.} (25. Bb6 $14) 25... Bg5 26. Rxc8
Rxc8 27. Nxd4 $16 {Schwarz hat nur noch zwei Bauern für die Figur.} (27. Rxd4
$16) 27... f5 28. Qg3 Qxg3 (28... Bf4 29. Qg6 $18) (28... f4 29. Qg4 $18) 29.
fxg3 Be3+ 30. Kf1 Bxe4 31. Bxe4 fxe4 32. Ke2 (32. Nxe6 $1 Rc2 33. Rd7 $18)
32... Bg5 33. Bd2 (33. Nxe6 Rc2+ 34. Bd2 $18) 33... Bxd2 34. Kxd2 {[%csl Re4,
Re6] Schwarz hat drei Bauern für die Figur, aber die schwarzen Bauern sind
weniger wert - der Doppelbauer auf der e-Linie ist schwach.} Rc5 35. g4 Rd5 36.
Ke2 a5 (36... e5 37. Ne6 $18) 37. Nxe6 Rxd1 38. Kxd1 {[%mdl 4096]} a4 39. b4 $1
{[%csl Gb4,Rb5] Weiß muss den b-Bauern um jeden Preis auf dem Brett halten.} a3
40. Kc2 e3 41. Nd4 a2 $2 {Mit diesem Zug verliert Schwarz ein wichtiges Tempo.}
(41... Kf7 $142 42. Kb3 Kf6 43. Nf3 Ke6 44. Kxa3 Kd5 45. Kb3 Ke4 46. Ne1 Kf4
47. Kc3 Kxg4 48. Kd3 Kxh5 49. Nc2 Kg4 50. Kxe3 h5 51. Nd4 $18) 42. Kb2 $18 Kf7
43. Kxa2 Kf6 44. Nf3 Ke6 45. Kb3 Kd5 46. Kc3 Ke4 47. Nd4 1-0

[Event "Asia-ch"]
[Site "Kolkata"]
[Date "2001.08.13"]
[Round "5"]
[White "Vladimirov, Yevgeniy"]
[Black "Li, Wenliang"]
[Result "0-1"]
[WhiteElo "2612"]
[BlackElo "2494"]
[Annotator "Ribli,Z"]
[PlyCount "56"]
[EventDate "2001.08.09"]
[EventType "swiss"]
[EventRounds "11"]
[EventCountry "IND"]
[SourceTitle "CBM 085"]
[Source "ChessBase"]
[SourceDate "2001.11.13"]
[SourceVersion "1"]
[SourceVersionDate "2001.11.13"]
[SourceQuality "1"]

1. d4 Nf6 2. c4 e6 3. g3 d5 4. Bg2 dxc4 5. Nf3 Nc6 6. Qa4 {Das ist die beste
Fortsetzung für Weiß - im Falle von 6.0-0 kann Schwarz 6...Rb8 mit der Idee
b7-b5 ziehen, mit scharfem Spiel.} Nd7 7. Qxc4 Nb6 8. Qd3 e5 {Dieser Zug ist
eigentlich ein Bauernopfer, doch wenn Weiß das Opfer annimmt, bekommt Schwarz
nach 9...Qxd3 10.exd3 Nb4 das bessere Spiel.} 9. Nxe5 (9. Be3 Bb4+ 10. Nc3 exd4
11. Nxd4 Nxd4 12. Qxd4 Qxd4 13. Bxd4 O-O 14. a3 Be7 15. Nb5 c5 16. Bc3 Bd7 17.
Nc7 Rac8 18. Nd5 Nxd5 19. Bxd5 Bc6 20. O-O-O $11) 9... Nb4 10. Qc3 (10. Qb3) (
10. Qd1) 10... Qxd4 11. Qxc7 {Weiß gewinnt einen Bauern. Der Textzug ist
jedoch sehr riskant, weil Schwarz in der Folge ausgezeichnetes Figurenspiel
bekommt.} (11. O-O $5 {Das wäre die übliche Fortsetzung. Nach 11...Qxc3 12.
Nxc3 wäre die Stellung ungefähr ausgeglichen.}) 11... Be6 12. Nf3 $6 {Meiner
Meinung nach sollte Weiß, wenn er schon 11.Qxc7 spielt, mit 12.Bxb7 fortsetzen.
Der Springerzug scheint mir zu passiv.} (12. Bxb7 $5 Bd6 13. Nf3 Bxc7 14. Nxd4
Rd8 15. a3 Rxd4 16. axb4 O-O (16... Bb8 17. b5 h5 18. Nc3 h4 19. O-O {1-0
Kopylov,M-Fish,G/Haarlem NED 2001/(24)}) 17. Be3 Rd7 18. Bc5 Rfd8 19. O-O Be5
20. Bc6 Rc7 21. b5 Bxb2 22. Rxa7 Rxa7 23. Bxb6 Rad7 24. Bxd7 Rxd7 25. Ba5 Rd5
26. Bc3 Rxb5 {1/2-1/2 Sund,J-Leimand,J/Logumkloster 1994/EXT 99 (88)}) 12...
Qc4 $44 (12... Qc5 13. Qxc5 Bxc5 $44) 13. Qxc4 Nxc4 {[%csl Gb4,Gc4,Ge6][%cal
Rb4c2,Rc2a1,Rc2e1] Schwarz hat ausgezeichnetes Figurenspiel und droht 14...
Nc2+.} 14. Nd4 O-O-O {[%mdl 2048]} 15. a3 (15. Be3 Bc5 16. a3 Rxd4 $1 17. axb4
(17. Bxd4 Nc2+ $19) 17... Nxe3 18. fxe3 Rxb4 $17) 15... Rxd4 16. axb4 Bxb4+ $15
{Schwarz hat den Bauern zurück gewonnen und steht aktiver.} 17. Nc3 a6 18. O-O
Nd2 19. e3 (19. Rd1 $2 Bxc3 20. bxc3 Nf3+ $19) 19... Rd7 (19... Rd3) 20. Bxd2
Rxd2 {[%csl Gd2]} 21. Rab1 Kb8 $1 {[%cal Gh8c8,Gc8c3][%mdl 32] Ein stiller,
aber starker Zug - Schwarz bereitet 22...Rc8 vor.} 22. h4 (22. Ne4 Rc2 23. Rfc1
Rhc8 $17) 22... Rc8 23. Be4 h6 (23... f5 $17) 24. Kg2 Rc4 25. Bf3 Bf5 $1 {
Schwarz provoziert 26.e4 und damit eine neue Schwäche (Pf2) in der weißen
Stellung.} 26. e4 (26. Rfd1 Bxc3 27. bxc3 Rxd1 28. Rxd1 Rxc3 $17) 26... Be6 27.
Nd1 $2 (27. Nd5 Bc5 $17) 27... Bc5 28. Nc3 Bd4 $19 (28... Bd4 29. Be2 (29. Nd5
Rcc2 $19) 29... Rc6 30. Rfe1 Rxb2 $19) 0-1

[Event "FRA-ch Pool B"]
[Site "Marseille"]
[Date "2001.08.19"]
[Round "7"]
[White "Relange, Eloi"]
[Black "Chabanon, Jean Luc"]
[Result "1-0"]
[WhiteElo "2472"]
[BlackElo "2511"]
[Annotator "Ribli,Z"]
[PlyCount "121"]
[EventDate "2001.08.13"]
[EventType "tourn"]
[EventRounds "7"]
[EventCountry "FRA"]
[EventCategory "13"]
[SourceTitle "CBM 085"]
[Source "ChessBase"]
[SourceDate "2001.11.13"]
[SourceVersion "1"]
[SourceVersionDate "2001.11.13"]
[SourceQuality "1"]

1. Nf3 Nf6 2. c4 e6 3. g3 d5 4. d4 dxc4 5. Bg2 Nc6 {Diese Spielweise ist
zuletzt sehr beliebt.} 6. Qa4 Nd7 {Dieses - auf den ersten Blick sonderbar
erscheinende - Springermanöver ist in der Tat eine gute Fortsetzung für
Schwarz.} (6... Bb4+) 7. Qxc4 Nb6 8. Qd3 e5 9. Nxe5 Nb4 10. Qc3 {Das ist eine
recht spezielle Variante - Weiß macht nun schon den vierten Zug mit seiner
Dame.} Qxd4 11. O-O Qxc3 12. Nxc3 {Schwarz hat die Bauernmehrheit am
Damenflügel, aber der Bg2 kontrolliert die schwarzen Bauern. Schwarz muss dahr
früher oder später c7-c6 spielen.} Bd6 (12... f6) 13. Nf3 c6 (13... Bd7 14. a3
N4d5 15. Nxd5 Nxd5 16. Nd4 c6 17. Rd1 Rd8 18. Bxd5 cxd5 19. Bf4 Bxf4 20. gxf4
Ke7 21. Rd3 $14) 14. Rd1 Be7 (14... Bc7 15. Nd4 Bd7 16. a3 N4d5 17. Nxd5 Nxd5
18. Nb5 Bb8 19. Bxd5 cxd5 20. Nc3 {1-0 Kiss,P-Wigger,J/Koszeg 1999/CBM 71 ext 
(45)}) (14... Ke7 $2 15. Ne4 Bc7 16. Be3 {[%cal Re3c5,Rc5e7]}) 15. a3 (15. Nd4
O-O (15... Bd7 16. a3 Na6 17. b4 Nc7 18. Bf4 O-O-O 19. Ne4 Ncd5 20. Bd6 Rhf8
21. Bxe7 Nxe7 22. Nc5 {1-0 Cosma,I-Breahna,R/Sovata 1999/EXT 2000 (69)}) 16. e4
Rd8 $1 17. a3 $140 $2 Rxd4 18. Rxd4 Nc2) (15. e4 $5 {Dieser Zug kommt stark in
Betracht - damit unterbindet Weiß den Zug N4d5.}) 15... N4d5 16. Nxd5 Nxd5 17.
Nd4 O-O 18. Bxd5 {Das ist die einzige Hoffnung für Weiß - sonst spielt Schwarz
Rd8 mit gleichem Spiel.} (18. Bd2 $6 Rd8 19. Ba5 Nb6 20. Rd3 Bf6 21. Rad1 Bg4
22. h3 $6 Rxd4 23. hxg4 Rxd3 24. Rxd3 Bxb2 $15 {1/2-1/2 Beliavsky,A-Adams,M/
Madrid 72/441 1998/[Beliavsky,A] (44)}) (18. e4 Nb6 19. b3 {1/2-1/2 Khalifman,
A-Adams,M/Hamburg GER 2001/(19)}) 18... cxd5 {Weiß hat die bessere
Bauernstruktur, da der Pd5 isoliert ist. Das schwarze Läuferpaar stellt aber
positionelle Kompensation dar. Es wäre von Vorteil für Weiß, wenn er die
schwarzfeldrigen Läufer abtauschen und so in ein Endspiel mit Nd4 gegen den
Bc8 abwickeln könnte.} 19. Nb5 (19. Bf4 Bd7 20. Rac1 Rfc8 $11) 19... Bg4 (19...
Be6 20. Be3 a6 21. Nc3 Rfd8 22. Rd3 Rac8 23. Rad1 Bf6 24. Bd4 Be7 25. Bb6 Rd6
26. Be3 {1/2-1/2 Fominyh,A-Gavrilov,A/St Petersburg RUS 2001/(56)}) 20. f3 Bc5+
21. Kg2 Be6 22. Bf4 h6 23. Rac1 (23. Bd6 $5 Rfc8 24. Bxc5 Rxc5 25. Nd4 $14 {
[%csl Gd4]}) 23... Bb6 24. Bc7 Bd7 25. Nd4 (25. Rxd5 Bc6 {[%csl Rd5]} (25...
Bxb5 26. Rxb5 Rac8 27. Bf4 Rxc1 28. Bxc1 Rc8 29. Bf4 Rc2 30. Kf1 g5 31. Be5
Rc1+ 32. Kg2 Rc2 $11) 26. Re5 Rfe8 (26... f6 27. Bxb6 fxe5 (27... axb6 28. Re7
Bxb5 29. Rcc7 $36 {[%cal Rc7h7]}) 28. Nxa7 $13) 27. Rxe8+ Rxe8 28. Bxb6 Rxe2+
$11) 25... Bxd4 26. Rxd4 $11 {[%mdl 4096] Da ungleichfarbige Läufer auf dem
Brett sind und Schwarz seinen isolierten Bauern leicht verteidigen kann - ist
die Stellung ausgeglichen.} Rfe8 $2 {[%mdl 8192] Ein sehr schlechter Zug, der
einen Bauern kostet. Ich glaube, dass Schwarz auf 27.Kf2 mit 27... Bc6
antworten wollte.} (26... Bc6 $11) 27. e4 g5 $6 (27... Bc6 $5 28. exd5 Re2+ 29.
Kg1 (29. Kf1 $2 Bb5) 29... Bd7 $14 {Weiß hat einen Bauern mehr, aber der
schwarze Turm steht aktiv auf e2. Die Verwertung des Vorteils ist daher nicht
so leicht.}) 28. Kf2 (28. Rxd5 Bc6 $132 {Und im nächsten Zug kann Schwarz 29...
g4 spielen.}) 28... Bb5 (28... Bc6 29. exd5 $16) 29. Rxd5 $16 {[%csl Gc7] Weiß
hat einen Bauern mehr, Schwarz besitzt keine Kompensation. Zudem steht der Bc7
aktiv und verhindert Rad8.} Bc6 30. Rd6 g4 {Das ist die einzige Chance für
Schwarz.} (30... Kg7 31. g4 $16) 31. Rxh6 gxf3 32. e5 Rac8 33. Bd6 {[%csl Gd6]
Droht 34.Rc4 mit starkem Angriff am Königsflügel.} Be4 34. Rc3 Rxc3 35. bxc3
Rc8 36. Rh4 Bc2 $6 {Schwarz verteidigt seinen Pf3 nicht und hofft auf
Gegenspiel am Damenflügel.} (36... Bd5 37. Rg4+ Kh7 38. Rd4 Bc6 39. h4 $16) (
36... Bc6 37. Rg4+ Kh7 38. Rf4 $16) 37. Rg4+ Kh7 38. Rf4 {[%cal Rf4f7,Rf4f3]}
Bg6 (38... Rxc3 39. Rxf7+ $18) 39. Rxf3 {Jetzt hat Weiß schon zwei Bauern mehr.
} Rc4 40. h3 {Weiß mobilisiert seine Mehrheit am Königsflügel.} Kg7 41. g4 Be4
42. Re3 (42. Rf4 Bd5 43. Rxc4 Bxc4 $16) 42... Bd5 43. Kg3 Re4 44. Rxe4 (44. Rd3
$16) 44... Bxe4 45. e6 $1 {Weiß opfert einen Bauern. Wenn Schwarz das Opfer
annimmt, verhilft er seinem Gegner zu zwei verbundenen Freibauern am
Königsflügel.} f6 (45... fxe6 46. Kf4 Bg2 47. h4 $16) 46. Kf4 Bc2 47. Bc5 Bb3
48. e7 Kf7 49. g5 (49. Bxa7 $6 Kxe7 $14) 49... Ba4 (49... fxg5+ 50. Kxg5 $18 {
[%csl Gh3]}) 50. h4 b6 51. Bd6 Be8 52. h5 fxg5+ 53. Kxg5 $18 {[%csl Ge7,Gh5]
Weiß hat zwei gefährliche Freibauern, und - das ist wichtig in diesem Endspiel
- die Bauern sind so weit voneinander entfernt, dass der schwarze König nicht
beide gleichzeitig aufhalten kann.} Bc6 54. Kf4 Kg7 55. Kg5 Kf7 56. Kf5 Ba4 57.
Ke5 b5 $6 (57... Bc6 $18) 58. Kd5 a6 59. h6 Bc2 60. Kc6 Bf5 61. Kb6 (61. Kb6
Bc8 62. h7 $18) 1-0